[Event "ODJM A 2019"]
[Site "Willingen GER"]
[Date "2019.06.09"]
[Round "2"]
[White "Knudsen, Simon"]
[Black "Parvanyan, Alfred"]
[Result "1/2-1/2"]
[Termination "normal"]
[Board "5"]
[WhiteElo "2166"]
[BlackElo "2066"]
[WhiteClock "01:22:45"]
[BlackClock "00:13:01"]
[PlyCount "103"]
[WhiteFideId "12985546"]
[BlackFideId "13305832"]
[EventCountry "GER"]
[EventRounds "9"]
[EventType "swiss"]
[EventDate "2019.06.08"]

1. e4 {[%clk 1:30:56]} 1... c5 {[%clk 1:30:45]} 2. Nf3 {[%clk 1:31:20]} 2...
Nc6 {[%clk 1:31:09]} 3. Bb5 {[%clk 1:31:43]} 3... g6 {[%clk 1:31:19]} 4. Bxc6 {
[%clk 1:32:07]} 4... dxc6 {[%clk 1:31:42]} 5. d3 {[%clk 1:32:29]} 5... Bg7 {
[%clk 1:32:03]} 6. h3 {[%clk 1:32:53]} 6... e5 {[%clk 1:32:12]} 7. a4 { [%clk
1:33:14]} 7... a5 {[%clk 1:29:08]} 8. Be3 {[%clk 1:33:29]} 8... b6 { [%clk
1:29:33]} 9. Na3 {[%clk 1:33:50]} 9... Qc7 {[%clk 1:29:45]} 10. Nc4 { [%clk
1:32:15]} 10... Ne7 {[%clk 1:29:33]} 11. b4 {[%clk 1:26:08]} 11... axb4 { [%clk
1:18:13]} 12. a5 {[%clk 1:26:28]} 12... bxa5 {[%clk 1:18:30]} 13. Bxc5 { [%clk
1:26:52]} 13... O-O {[%clk 1:16:40]} 14. Bxb4 {[%clk 1:26:05]} 14... a4 { [%clk
1:15:17]} 15. Bd6 {[%clk 1:25:00]} 15... Qd8 {[%clk 1:14:01]} 16. Bxe5 { [%clk
1:24:09]} 16... Bxe5 {[%clk 1:13:37]} 17. Ncxe5 {[%clk 1:24:32]} 17... Be6
{[%clk 1:12:13]} 18. Qd2 {[%clk 1:22:24]} 18... Qd6 {[%clk 1:10:33]} 19. Ng4
{[%clk 1:18:25]} 19... Bxg4 {[%clk 0:58:16]} 20. hxg4 {[%clk 1:18:47]} 20... f6
{[%clk 0:58:42]} 21. Qc3 {[%clk 1:18:46]} 21... Qe6 {[%clk 0:56:42]} 22. g5
{[%clk 1:17:09]} 22... Nd5 {[%clk 0:52:47]} 23. Qd2 {[%clk 1:11:26]} 23... f5
{[%clk 0:45:35]} 24. e5 {[%clk 1:11:34]} 24... c5 {[%clk 0:45:30]} 25. O-O
{[%clk 1:10:49]} 25... a3 {[%clk 0:40:41]} 26. c4 {[%clk 1:10:53]} 26... Ne7
{[%clk 0:38:46]} 27. Qc3 {[%clk 1:10:39]} 27... a2 {[%clk 0:37:40]} 28. Rfe1
{[%clk 1:09:43]} 28... Ra4 {[%clk 0:34:38]} 29. Re2 {[%clk 1:06:08]} 29... Rfa8
{[%clk 0:34:34]} 30. Rc2 {[%clk 1:06:28]} 30... Ra3 {[%clk 0:29:38]} 31. Qd2
{[%clk 1:06:38]} 31... Qb6 {[%clk 0:25:32]} 32. Rb2 {[%clk 1:04:30]} 32... Qa6
{[%clk 0:21:15]} 33. d4 {[%clk 0:54:39]} 33... Qxc4 {[%clk 0:17:04]} 34. Rc2
{[%clk 0:54:53]} 34... Qb4 {[%clk 0:12:05]} 35. dxc5 {[%clk 0:54:32]} 35...
Qxd2 {[%clk 0:08:25]} 36. Nxd2 {[%clk 0:54:49]} 36... Nc6 {[%clk 0:08:35]} 37.
Nc4 {[%clk 0:55:11]} 37... R3a6 {[%clk 0:06:06]} 38. Rd2 {[%clk 0:54:42]} 38...
f4 {[%clk 0:03:26]} 39. Nb6 {[%clk 0:54:26]} 39... R8a7 {[%clk 0:01:21]} 40. e6
{[%clk 0:54:47]} 40... Ra5 {[%clk 0:00:51]} 41. Nd7 {[%clk 0:53:41]} 41... Kg7
{[%clk 0:25:51]} 42. Kh2 {[%clk 1:24:21]} 42... h6 {[%clk 0:22:45]} 43. gxh6+ {
[%clk 1:24:46]} 43... Kxh6 {[%clk 0:23:11]} 44. Kh3 {[%clk 1:25:09]} 44... Ra4
{[%clk 0:20:41]} 45. f3 {[%clk 1:25:17]} 45... Kg7 {[%clk 0:20:05]} 46. Kg4 {
[%clk 1:24:05]} 46... Nd4 {[%clk 0:18:30]} 47. Raxa2 {[%clk 1:23:36]} 47...
Rxa2 {[%clk 0:15:04]} 48. Rxd4 {[%clk 1:23:58]} 48... Re2 {[%clk 0:13:33]} 49.
Rd6 {[%clk 1:23:36]} 49... Ra4 {[%clk 0:13:49]} 50. Kh3 {[%clk 1:23:39]} 50...
Raa2 {[%clk 0:13:13]} 51. Kg4 {[%clk 1:22:35]} 51... Ra4 {[%clk 0:13:01]} 52.
Kh3 {[%clk 1:22:45]} 1/2-1/2

[Event "ODJM A 2019"]
[Site "Willingen GER"]
[Date "2019.06.09"]
[Round "2"]
[White "Gerlach, Felix"]
[Black "Weber, Samuel"]
[Result "1/2-1/2"]
[Termination "normal"]
[Board "6"]
[WhiteElo "2079"]
[BlackElo "2160"]
[WhiteClock "00:22:42"]
[BlackClock "00:31:25"]
[PlyCount "104"]
[WhiteFideId "12957690"]
[BlackFideId "12924008"]
[EventCountry "GER"]
[EventRounds "9"]
[EventType "swiss"]
[EventDate "2019.06.08"]

1. c4 {[%clk 1:30:56]} 1... Nf6 {[%clk 1:30:54]} 2. g3 {[%clk 1:31:20]} 2... g6
{[%clk 1:28:42]} 3. Bg2 {[%clk 1:31:21]} 3... Bg7 {[%clk 1:28:56]} 4. Nc3 {
[%clk 1:31:46]} 4... c5 {[%clk 1:28:23]} 5. Nf3 {[%clk 1:25:17]} 5... O-O {
[%clk 1:28:24]} 6. O-O {[%clk 1:25:37]} 6... d6 {[%clk 1:27:59]} 7. d4 { [%clk
1:23:26]} 7... Nbd7 {[%clk 1:21:52]} 8. b3 {[%clk 1:11:00]} 8... a6 { [%clk
1:18:26]} 9. Bb2 {[%clk 1:10:05]} 9... Rb8 {[%clk 1:15:14]} 10. Rc1 { [%clk
1:05:39]} 10... b6 {[%clk 1:11:50]} 11. h3 {[%clk 0:57:12]} 11... Bb7 { [%clk
1:11:23]} 12. d5 {[%clk 0:57:01]} 12... b5 {[%clk 1:09:16]} 13. Nd2 { [%clk
0:55:06]} 13... b4 {[%clk 1:05:38]} 14. Na4 {[%clk 0:54:41]} 14... Nh5 { [%clk
1:01:01]} 15. Kh2 {[%clk 0:52:32]} 15... Bxb2 {[%clk 0:47:59]} 16. Nxb2 { [%clk
0:52:29]} 16... Ng7 {[%clk 0:42:21]} 17. e4 {[%clk 0:48:56]} 17... e5 { [%clk
0:41:45]} 18. Nd3 {[%clk 0:48:00]} 18... f5 {[%clk 0:33:33]} 19. f4 { [%clk
0:48:14]} 19... Qf6 {[%clk 0:32:34]} 20. Qc2 {[%clk 0:39:09]} 20... Rbe8 {[%clk
0:30:44]} 21. Rce1 {[%clk 0:30:42]} 21... Bc8 {[%clk 0:30:15]} 22. Nf3 { [%clk
0:21:22]} 22... exf4 {[%clk 0:24:28]} 23. Nxf4 {[%clk 0:16:30]} 23... fxe4
{[%clk 0:16:11]} 24. Rxe4 {[%clk 0:16:21]} 24... Rxe4 {[%clk 0:13:39]} 25. Qxe4
{[%clk 0:16:47]} 25... Re8 {[%clk 0:13:38]} 26. Ne6 {[%clk 0:13:42]} 26... Nxe6
{[%clk 0:13:39]} 27. dxe6 {[%clk 0:14:07]} 27... Qxe6 {[%clk 0:13:03]} 28.
Qxe6+ {[%clk 0:12:04]} 28... Rxe6 {[%clk 0:13:32]} 29. Ng5 {[%clk 0:12:18]}
29... Re2 {[%clk 0:13:36]} 30. Kg1 {[%clk 0:11:01]} 30... Ne5 {[%clk 0:12:31]}
31. Rd1 {[%clk 0:10:32]} 31... h6 {[%clk 0:12:00]} 32. Rxd6 {[%clk 0:08:54]}
32... Rxg2+ {[%clk 0:11:45]} 33. Kxg2 {[%clk 0:07:02]} 33... Bb7+ { [%clk
0:12:14]} 34. Kf1 {[%clk 0:07:19]} 34... hxg5 {[%clk 0:12:42]} 35. Rb6 { [%clk
0:07:38]} 35... Bc6 {[%clk 0:11:11]} 36. Rxa6 {[%clk 0:07:46]} 36... Kf7 {[%clk
0:11:19]} 37. Ra5 {[%clk 0:07:30]} 37... Nd7 {[%clk 0:11:03]} 38. Ra6 { [%clk
0:05:01]} 38... Be4 {[%clk 0:10:42]} 39. Kf2 {[%clk 0:03:07]} 39... Nf8 { [%clk
0:10:49]} 40. Ke3 {[%clk 0:01:29]} 40... Bg2 {[%clk 0:11:15]} 41. h4 { [%clk
0:01:11]} 41... gxh4 {[%clk 0:10:54]} 42. gxh4 {[%clk 0:01:33]} 42... Ne6
{[%clk 0:11:17]} 43. a3 {[%clk 0:30:13]} 43... bxa3 {[%clk 0:41:29]} 44. Rxa3 {
[%clk 0:30:38]} 44... Kf6 {[%clk 0:41:07]} 45. b4 {[%clk 0:28:54]} 45... cxb4 {
[%clk 0:39:41]} 46. Rb3 {[%clk 0:28:44]} 46... Ke5 {[%clk 0:39:51]} 47. Rxb4 {
[%clk 0:26:53]} 47... Nd4 {[%clk 0:39:48]} 48. Kf2 {[%clk 0:25:13]} 48... Be4 {
[%clk 0:39:03]} 49. Kg3 {[%clk 0:24:20]} 49... Bf5 {[%clk 0:38:24]} 50. Ra4 {
[%clk 0:23:34]} 50... Ne6 {[%clk 0:36:02]} 51. Ra5+ {[%clk 0:22:38]} 51... Kd4
{[%clk 0:35:49]} 52. h5 {[%clk 0:22:42]} 52... Bd3 {[%clk 0:31:25]} 1/2-1/2

[Event "ODJM A 2019"]
[Site "Willingen GER"]
[Date "2019.06.09"]
[Round "2"]
[White "Schimnatkowski, Lukas"]
[Black "Beesk, Kevin"]
[Result "1-0"]
[Termination "normal"]
[Board "7"]
[WhiteElo "2128"]
[BlackElo "1935"]
[WhiteClock "00:01:27"]
[BlackClock "00:12:15"]
[PlyCount "81"]
[WhiteFideId "12936723"]
[BlackFideId "1271882"]
[EventCountry "GER"]
[EventRounds "9"]
[EventType "swiss"]
[EventDate "2019.06.08"]

1. c4 {[%clk 1:30:53]} 1... c5 {[%clk 1:30:07]} 2. Nc3 {[%clk 1:31:17]} 2...
Nc6 {[%clk 1:27:40]} 3. g3 {[%clk 1:31:42]} 3... g6 {[%clk 1:28:07]} 4. Bg2 {
[%clk 1:32:06]} 4... Bg7 {[%clk 1:28:35]} 5. d3 {[%clk 1:32:31]} 5... d6 {
[%clk 1:27:58]} 6. Bd2 {[%clk 1:31:11]} 6... e5 {[%clk 1:27:07]} 7. a3 { [%clk
1:30:45]} 7... a5 {[%clk 1:25:44]} 8. e3 {[%clk 1:30:41]} 8... Nge7 { [%clk
1:25:55]} 9. Nge2 {[%clk 1:31:01]} 9... O-O {[%clk 1:25:00]} 10. Rb1 { [%clk
1:26:07]} 10... Rb8 {[%clk 1:18:48]} 11. Nd5 {[%clk 1:18:03]} 11... Bd7 { [%clk
1:11:17]} 12. Nec3 {[%clk 1:10:47]} 12... f5 {[%clk 1:06:35]} 13. b4 { [%clk
1:06:57]} 13... axb4 {[%clk 1:06:49]} 14. axb4 {[%clk 1:06:06]} 14... Nxb4
{[%clk 1:03:00]} 15. Nxb4 {[%clk 1:05:22]} 15... cxb4 {[%clk 1:03:21]} 16. Rxb4
{[%clk 1:04:16]} 16... Bc6 {[%clk 1:03:33]} 17. O-O {[%clk 1:01:23]} 17... Rf7
{[%clk 0:53:13]} 18. Qb3 {[%clk 0:56:53]} 18... Rc8 {[%clk 0:52:12]} 19. Rb1
{[%clk 0:49:40]} 19... Qd7 {[%clk 0:45:54]} 20. Nd5 {[%clk 0:43:01]} 20... Rcf8
{[%clk 0:45:47]} 21. f4 {[%clk 0:36:09]} 21... h6 {[%clk 0:45:07]} 22. Bc3
{[%clk 0:29:17]} 22... g5 {[%clk 0:42:51]} 23. Qb2 {[%clk 0:28:22]} 23... Ng6 {
[%clk 0:35:40]} 24. Nb6 {[%clk 0:22:24]} 24... Qd8 {[%clk 0:25:03]} 25. Bd5 {
[%clk 0:18:38]} 25... gxf4 {[%clk 0:25:21]} 26. exf4 {[%clk 0:16:15]} 26... Kh7
{[%clk 0:25:40]} 27. Bxf7 {[%clk 0:14:47]} 27... Rxf7 {[%clk 0:26:09]} 28. Nd5
{[%clk 0:15:03]} 28... exf4 {[%clk 0:25:56]} 29. Bxg7 {[%clk 0:14:44]} 29...
Rxg7 {[%clk 0:26:00]} 30. Nf6+ {[%clk 0:13:34]} 30... Kh8 {[%clk 0:26:17]} 31.
Nh5 {[%clk 0:12:46]} 31... Ne5 {[%clk 0:26:35]} 32. Nxg7 {[%clk 0:12:18]} 32...
fxg3 {[%clk 0:24:45]} 33. hxg3 {[%clk 0:06:14]} 33... Kxg7 {[%clk 0:21:34]} 34.
d4 {[%clk 0:04:28]} 34... Nf3+ {[%clk 0:16:22]} 35. Kf2 {[%clk 0:04:44]} 35...
Be4 {[%clk 0:16:33]} 36. Rxb7+ {[%clk 0:04:21]} 36... Kf6 {[%clk 0:15:12]} 37.
Qb6 {[%clk 0:03:18]} 37... Qf8 {[%clk 0:14:54]} 38. Rd7 {[%clk 0:02:08]} 38...
Ke6 {[%clk 0:14:44]} 39. d5+ {[%clk 0:01:19]} 39... Ke5 {[%clk 0:11:58]} 40.
Qb2+ {[%clk 0:01:20]} 40... Nd4 {[%clk 0:12:15]} 41. Rd1 {[%clk 0:01:27]} 1-0

[Event "ODJM A 2019"]
[Site "Willingen GER"]
[Date "2019.06.09"]
[Round "2"]
[White "Tscheuschner, Georg"]
[Black "Kotyk, Michael"]
[Result "1-0"]
[Termination "normal"]
[Board "8"]
[WhiteElo "2113"]
[BlackElo "1966"]
[WhiteClock "00:45:45"]
[BlackClock "01:11:37"]
[PlyCount "37"]
[WhiteFideId "12935549"]
[BlackFideId "16214501"]
[EventCountry "GER"]
[EventRounds "9"]
[EventType "swiss"]
[EventDate "2019.06.08"]

1. c4 {[%clk 1:30:58]} 1... e5 {[%clk 1:30:56]} 2. g3 {[%clk 1:31:24]} 2... d6
{[%clk 1:31:22]} 3. Bg2 {[%clk 1:31:35]} 3... f5 {[%clk 1:31:46]} 4. d4 { [%clk
1:31:50]} 4... Be7 {[%clk 1:32:11]} 5. Nc3 {[%clk 1:29:08]} 5... Nf6 { [%clk
1:32:34]} 6. Nf3 {[%clk 1:28:43]} 6... e4 {[%clk 1:32:58]} 7. Ng5 { [%clk
1:28:55]} 7... c6 {[%clk 1:32:32]} 8. f3 {[%clk 1:24:12]} 8... d5 { [%clk
1:28:37]} 9. O-O {[%clk 1:15:50]} 9... O-O {[%clk 1:27:39]} 10. cxd5 { [%clk
1:12:46]} 10... cxd5 {[%clk 1:26:37]} 11. fxe4 {[%clk 1:07:33]} 11... fxe4
{[%clk 1:26:53]} 12. Qb3 {[%clk 1:04:30]} 12... Kh8 {[%clk 1:25:37]} 13. Nxd5
{[%clk 0:50:24]} 13... Qxd5 {[%clk 1:24:31]} 14. Rxf6 {[%clk 0:50:44]} 14...
Qxd4+ {[%clk 1:24:34]} 15. Be3 {[%clk 0:51:09]} 15... Qxe3+ { [%clk 1:14:51]}
16. Qxe3 {[%clk 0:51:31]} 16... Bxf6 {[%clk 1:15:20]} 17. Rf1 { [%clk 0:45:47]}
17... Nc6 {[%clk 1:15:31]} 18. Qxe4 {[%clk 0:45:45]} 18... Bd7 {[%clk 1:11:37]}
19. Qxh7# 1-0

[Event "ODJM A 2019"]
[Site "Willingen GER"]
[Date "2019.06.09"]
[Round "2"]
[White "Lohr, Maximilian"]
[Black "Wanner, Lukas"]
[Result "1-0"]
[Termination "normal"]
[Board "9"]
[WhiteElo "1981"]
[BlackElo "2099"]
[WhiteClock "00:23:43"]
[BlackClock "00:02:01"]
[PlyCount "73"]
[WhiteFideId "12999717"]
[BlackFideId "12918148"]
[EventCountry "GER"]
[EventRounds "9"]
[EventType "swiss"]
[EventDate "2019.06.08"]

1. e4 {[%clk 1:30:57]} 1... g6 {[%clk 1:30:50]} 2. g3 {[%clk 1:29:41]} 2... d5
{[%clk 1:27:41]} 3. e5 {[%clk 1:28:43]} 3... c5 {[%clk 1:25:49]} 4. c3 { [%clk
1:26:50]} 4... Nc6 {[%clk 1:22:08]} 5. d4 {[%clk 1:24:41]} 5... cxd4 { [%clk
1:17:47]} 6. cxd4 {[%clk 1:25:04]} 6... Nh6 {[%clk 1:16:28]} 7. Nc3 { [%clk
1:23:01]} 7... Bg7 {[%clk 1:07:23]} 8. Bg2 {[%clk 1:22:27]} 8... Be6 { [%clk
1:06:00]} 9. Nge2 {[%clk 1:19:24]} 9... Nf5 {[%clk 1:01:01]} 10. O-O { [%clk
1:18:02]} 10... O-O {[%clk 0:48:42]} 11. b3 {[%clk 1:02:28]} 11... Rc8 { [%clk
0:45:13]} 12. Bb2 {[%clk 1:02:35]} 12... Bh6 {[%clk 0:40:36]} 13. Qd3 { [%clk
0:56:09]} 13... a6 {[%clk 0:37:35]} 14. a3 {[%clk 0:51:38]} 14... b5 { [%clk
0:33:18]} 15. f4 {[%clk 0:48:24]} 15... f6 {[%clk 0:27:44]} 16. g4 { [%clk
0:45:08]} 16... Nh4 {[%clk 0:19:52]} 17. f5 {[%clk 0:43:09]} 17... Nxg2 { [%clk
0:16:46]} 18. Kxg2 {[%clk 0:43:04]} 18... Bf7 {[%clk 0:15:04]} 19. e6 { [%clk
0:43:24]} 19... Be8 {[%clk 0:15:31]} 20. Qf3 {[%clk 0:43:32]} 20... Na5 { [%clk
0:14:33]} 21. Bc1 {[%clk 0:39:01]} 21... Bxc1 {[%clk 0:14:05]} 22. Nxc1 { [%clk
0:39:02]} 22... Qd6 {[%clk 0:11:35]} 23. b4 {[%clk 0:38:00]} 23... Nc4 { [%clk
0:11:44]} 24. Ra2 {[%clk 0:38:10]} 24... Bc6 {[%clk 0:06:28]} 25. Nd3 { [%clk
0:36:09]} 25... Ra8 {[%clk 0:06:44]} 26. Kh1 {[%clk 0:33:39]} 26... a5 { [%clk
0:05:55]} 27. Re2 {[%clk 0:29:38]} 27... Nxa3 {[%clk 0:04:25]} 28. fxg6 { [%clk
0:29:47]} 28... hxg6 {[%clk 0:04:36]} 29. Nf4 {[%clk 0:30:09]} 29... axb4
{[%clk 0:01:53]} 30. Nxg6 {[%clk 0:24:15]} 30... bxc3 {[%clk 0:01:49]} 31. Qh3
{[%clk 0:24:36]} 31... Kg7 {[%clk 0:02:03]} 32. Nh4 {[%clk 0:24:54]} 32... Rh8
{[%clk 0:01:21]} 33. Nf5+ {[%clk 0:25:15]} 33... Kg8 {[%clk 0:01:46]} 34. Qxc3
{[%clk 0:23:33]} 34... Rxh2+ {[%clk 0:01:25]} 35. Rxh2 {[%clk 0:23:37]} 35...
Qxe6 {[%clk 0:01:53]} 36. Qxc6 {[%clk 0:23:43]} 36... Qe4+ {[%clk 0:02:01]} 37.
Kg1 1-0

[Event "ODJM A 2019"]
[Site "Willingen GER"]
[Date "2019.06.09"]
[Round "2"]
[White "Hartmann, Jakob"]
[Black "Teichert, Felix"]
[Result "1/2-1/2"]
[Termination "normal"]
[Board "10"]
[WhiteElo "2144"]
[BlackElo "2027"]
[WhiteClock "00:00:47"]
[BlackClock "00:14:48"]
[PlyCount "76"]
[WhiteFideId "12918067"]
[BlackFideId "12987670"]
[EventCountry "GER"]
[EventRounds "9"]
[EventType "swiss"]
[EventDate "2019.06.08"]

1. e4 {[%clk 1:30:43]} 1... c6 {[%clk 1:30:54]} 2. d4 {[%clk 1:27:37]} 2... d5
{[%clk 1:31:16]} 3. exd5 {[%clk 1:27:27]} 3... cxd5 {[%clk 1:31:36]} 4. c4 {
[%clk 1:27:38]} 4... Nf6 {[%clk 1:31:51]} 5. Nc3 {[%clk 1:27:42]} 5... Nc6 {
[%clk 1:32:02]} 6. Be3 {[%clk 1:25:55]} 6... g6 {[%clk 1:31:41]} 7. h3 { [%clk
1:23:48]} 7... Bg7 {[%clk 1:28:45]} 8. Nf3 {[%clk 1:20:15]} 8... O-O { [%clk
1:27:17]} 9. Be2 {[%clk 1:11:22]} 9... h6 {[%clk 1:20:27]} 10. O-O { [%clk
1:09:43]} 10... Be6 {[%clk 1:19:25]} 11. c5 {[%clk 1:00:23]} 11... Ne4 { [%clk
1:17:55]} 12. Qc1 {[%clk 0:45:10]} 12... Kh7 {[%clk 1:12:24]} 13. Rd1 { [%clk
0:42:04]} 13... f5 {[%clk 1:11:42]} 14. h4 {[%clk 0:36:52]} 14... b6 { [%clk
0:55:30]} 15. Bb5 {[%clk 0:31:19]} 15... Rc8 {[%clk 0:51:15]} 16. Ba6 { [%clk
0:25:46]} 16... Rb8 {[%clk 0:48:34]} 17. Bf4 {[%clk 0:18:58]} 17... bxc5 {[%clk
0:48:59]} 18. Bxb8 {[%clk 0:18:42]} 18... Nxb8 {[%clk 0:47:37]} 19. Be2 {[%clk
0:17:59]} 19... c4 {[%clk 0:45:45]} 20. b3 {[%clk 0:16:05]} 20... Qa5 { [%clk
0:40:25]} 21. Nxe4 {[%clk 0:14:02]} 21... fxe4 {[%clk 0:40:44]} 22. Ne5 { [%clk
0:13:50]} 22... Bxe5 {[%clk 0:39:47]} 23. dxe5 {[%clk 0:14:16]} 23... c3 {[%clk
0:36:37]} 24. h5 {[%clk 0:14:04]} 24... g5 {[%clk 0:36:19]} 25. Qe3 { [%clk
0:11:36]} 25... Nd7 {[%clk 0:31:21]} 26. Rac1 {[%clk 0:10:52]} 26... Rc8 {[%clk
0:30:09]} 27. Rc2 {[%clk 0:05:57]} 27... Qc5 {[%clk 0:26:32]} 28. Rdc1 { [%clk
0:05:55]} 28... d4 {[%clk 0:23:27]} 29. Qxe4+ {[%clk 0:06:16]} 29... Kh8 {[%clk
0:23:40]} 30. Qg6 {[%clk 0:05:38]} 30... Qxe5 {[%clk 0:23:58]} 31. Qxh6+ {[%clk
0:05:17]} 31... Kg8 {[%clk 0:24:22]} 32. Qg6+ {[%clk 0:03:46]} 32... Kf8 {[%clk
0:24:38]} 33. Bd3 {[%clk 0:03:18]} 33... Nc5 {[%clk 0:19:46]} 34. Re2 { [%clk
0:01:49]} 34... Qf6 {[%clk 0:17:58]} 35. h6 {[%clk 0:00:54]} 35... Nxd3 { [%clk
0:17:27]} 36. Qxd3 {[%clk 0:01:14]} 36... Bf5 {[%clk 0:17:13]} 37. Qd1 { [%clk
0:00:33]} 37... d3 {[%clk 0:14:52]} 38. Re3 {[%clk 0:00:47]} 38... d2 { [%clk
0:14:48]} 1/2-1/2

[Event "ODJM A 2019"]
[Site "Willingen GER"]
[Date "2019.06.09"]
[Round "2"]
[White "Stelmaszyk, Nico"]
[Black "Fistoul, Boris"]
[Result "1-0"]
[Termination "normal"]
[Board "11"]
[WhiteElo "2174"]
[BlackElo "1918"]
[WhiteClock "00:24:35"]
[BlackClock "00:07:39"]
[PlyCount "65"]
[WhiteFideId "16200462"]
[BlackFideId "12953962"]
[EventCountry "GER"]
[EventRounds "9"]
[EventType "swiss"]
[EventDate "2019.06.08"]

1. e4 {[%clk 1:30:57]} 1... e6 {[%clk 1:30:16]} 2. d4 {[%clk 1:31:16]} 2... d5
{[%clk 1:30:38]} 3. Nc3 {[%clk 1:31:33]} 3... dxe4 {[%clk 1:30:36]} 4. Nxe4 {
[%clk 1:31:57]} 4... Nf6 {[%clk 1:29:27]} 5. Nxf6+ {[%clk 1:32:13]} 5... Qxf6 {
[%clk 1:29:39]} 6. Nf3 {[%clk 1:32:37]} 6... h6 {[%clk 1:28:19]} 7. Be3 { [%clk
1:27:39]} 7... Bd7 {[%clk 1:26:51]} 8. Qd2 {[%clk 1:26:13]} 8... Bc6 { [%clk
1:23:44]} 9. Ne5 {[%clk 1:23:25]} 9... Bd6 {[%clk 1:19:35]} 10. O-O-O { [%clk
1:22:33]} 10... Qe7 {[%clk 1:09:52]} 11. f4 {[%clk 1:13:00]} 11... Bxe5 { [%clk
1:01:52]} 12. dxe5 {[%clk 1:11:14]} 12... Nd7 {[%clk 1:00:14]} 13. Qa5 { [%clk
1:08:00]} 13... Rc8 {[%clk 0:50:41]} 14. Bb5 {[%clk 1:00:13]} 14... Bd5 { [%clk
0:38:59]} 15. c4 {[%clk 0:48:35]} 15... c6 {[%clk 0:35:44]} 16. cxd5 { [%clk
0:47:46]} 16... cxb5+ {[%clk 0:35:58]} 17. Kb1 {[%clk 0:48:10]} 17... exd5
{[%clk 0:31:37]} 18. Qxb5 {[%clk 0:47:16]} 18... O-O {[%clk 0:30:16]} 19. Rxd5
{[%clk 0:44:21]} 19... Nb6 {[%clk 0:27:06]} 20. Bxb6 {[%clk 0:40:57]} 20...
axb6 {[%clk 0:27:29]} 21. Qxb6 {[%clk 0:40:24]} 21... Rc6 {[%clk 0:27:37] } 22.
Qb3 {[%clk 0:40:40]} 22... Qe6 {[%clk 0:22:38]} 23. Qd3 {[%clk 0:38:33]} 23...
g6 {[%clk 0:19:00]} 24. h4 {[%clk 0:36:44]} 24... Kg7 {[%clk 0:18:18]} 25. h5
{[%clk 0:35:06]} 25... Qg4 {[%clk 0:16:47]} 26. g3 {[%clk 0:33:23]} 26... Rfc8
{[%clk 0:14:02]} 27. a3 {[%clk 0:31:30]} 27... gxh5 {[%clk 0:12:26]} 28. Rh4
{[%clk 0:30:12]} 28... Rc1+ {[%clk 0:12:21]} 29. Ka2 {[%clk 0:30:37]} 29... Qg6
{[%clk 0:11:34]} 30. f5 {[%clk 0:30:54]} 30... Qb6 {[%clk 0:11:35]} 31. f6+
{[%clk 0:29:38]} 31... Kg8 {[%clk 0:11:55]} 32. Rd6 {[%clk 0:26:54]} 32... R1c6
{[%clk 0:07:39]} 33. Rxh5 {[%clk 0:24:35]} 1-0

[Event "ODJM A 2019"]
[Site "Willingen GER"]
[Date "2019.06.09"]
[Round "2"]
[White "Grund, Sebastian"]
[Black "Dietz, Florian"]
[Result "1/2-1/2"]
[Termination "normal"]
[Board "12"]
[WhiteElo "2051"]
[BlackElo "2139"]
[WhiteClock "00:21:49"]
[BlackClock "00:19:37"]
[PlyCount "97"]
[WhiteFideId "12988626"]
[BlackFideId "12939897"]
[EventCountry "GER"]
[EventRounds "9"]
[EventType "swiss"]
[EventDate "2019.06.08"]

1. d4 {[%clk 1:30:54]} 1... Nf6 {[%clk 1:30:55]} 2. Nf3 {[%clk 1:31:03]} 2...
e6 {[%clk 1:31:02]} 3. c4 {[%clk 1:31:26]} 3... b6 {[%clk 1:31:24]} 4. g3 {
[%clk 1:31:50]} 4... Ba6 {[%clk 1:31:14]} 5. b3 {[%clk 1:32:12]} 5... Bb4+ {
[%clk 1:31:36]} 6. Bd2 {[%clk 1:32:36]} 6... Be7 {[%clk 1:31:53]} 7. Bg2 {
[%clk 1:32:57]} 7... Bb7 {[%clk 1:32:07]} 8. Nc3 {[%clk 1:33:03]} 8... d5 {
[%clk 1:32:14]} 9. cxd5 {[%clk 1:33:21]} 9... exd5 {[%clk 1:32:37]} 10. O-O {
[%clk 1:33:44]} 10... O-O {[%clk 1:32:44]} 11. Qc2 {[%clk 1:34:03]} 11... Nbd7
{[%clk 1:30:32]} 12. Ne5 {[%clk 1:28:08]} 12... c5 {[%clk 1:26:26]} 13. Nxd7 {
[%clk 1:20:17]} 13... Qxd7 {[%clk 1:26:42]} 14. dxc5 {[%clk 1:20:24]} 14...
bxc5 {[%clk 1:24:16]} 15. Rad1 {[%clk 1:20:06]} 15... Rfd8 {[%clk 1:19:20]} 16.
Bg5 {[%clk 1:19:53]} 16... Qe6 {[%clk 1:13:17]} 17. Nb5 {[%clk 1:06:57]} 17...
Ne8 {[%clk 1:02:30]} 18. Bxe7 {[%clk 1:02:47]} 18... Qxe7 {[%clk 1:02:56]} 19.
Rfe1 {[%clk 1:02:46]} 19... d4 {[%clk 0:58:59]} 20. e4 {[%clk 0:57:21]} 20...
Nf6 {[%clk 0:53:35]} 21. Na3 {[%clk 0:48:50]} 21... Nd7 {[%clk 0:47:49]} 22. f4
{[%clk 0:42:02]} 22... Nb6 {[%clk 0:45:17]} 23. Nc4 {[%clk 0:35:35]} 23... Rac8
{[%clk 0:38:05]} 24. Ne5 {[%clk 0:26:35]} 24... Ba6 {[%clk 0:33:05]} 25. Bf1 {
[%clk 0:23:22]} 25... Bxf1 {[%clk 0:27:44]} 26. Kxf1 {[%clk 0:22:50]} 26... Qe6
{[%clk 0:26:33]} 27. Kg1 {[%clk 0:20:00]} 27... c4 {[%clk 0:21:20]} 28. Nxc4 {
[%clk 0:20:09]} 28... Nxc4 {[%clk 0:21:27]} 29. bxc4 {[%clk 0:20:32]} 29...
Rxc4 {[%clk 0:21:05]} 30. Qd3 {[%clk 0:17:19]} 30... Qc8 {[%clk 0:20:12]} 31.
e5 {[%clk 0:16:18]} 31... Rc3 {[%clk 0:13:37]} 32. Qe4 {[%clk 0:15:52]} 32...
d3 {[%clk 0:12:52]} 33. e6 {[%clk 0:10:45]} 33... d2 {[%clk 0:08:38]} 34. exf7+
{[%clk 0:10:34]} 34... Kxf7 {[%clk 0:09:01]} 35. Rf1 {[%clk 0:10:37]} 35... Rc1
{[%clk 0:07:22]} 36. Qe3 {[%clk 0:08:09]} 36... Rc3 {[%clk 0:06:22]} 37. Qxa7+
{[%clk 0:08:06]} 37... Kg8 {[%clk 0:06:38]} 38. Qf2 {[%clk 0:05:32]} 38... Qd7
{[%clk 0:05:31]} 39. f5 {[%clk 0:04:34]} 39... Rc2 {[%clk 0:02:59]} 40. a3 {
[%clk 0:03:06]} 40... Rf8 {[%clk 0:02:00]} 41. Qe3 {[%clk 0:01:12]} 41... Kh8 {
[%clk 0:29:52]} 42. Rf2 {[%clk 0:26:32]} 42... Re8 {[%clk 0:26:01]} 43. Rfxd2 {
[%clk 0:25:59]} 43... Rxe3 {[%clk 0:22:02]} 44. Rxd7 {[%clk 0:26:13]} 44... h5
{[%clk 0:21:14]} 45. f6 {[%clk 0:25:55]} 45... Ree2 {[%clk 0:20:33]} 46. fxg7+
46... Kg8 {[%clk 0:19:48]} 47. Rd8+ {[%clk 0:23:39]} 47... Kxg7 {[%clk 0:20:12]
} 48. R1d7+ {[%clk 0:23:29]} 48... Kf6 {[%clk 0:19:37]} 49. Rd6+ { [%clk
0:21:49]} 1/2-1/2